Quizzes
Events
Quiz Creation
Community
Videos
Private Events
Remove Ads
Sign In
Join for FREE
Feedback
Dark Mode
Quiz Categories
Sports
Geography
Music
Movies
Television
Just For Fun
Miscellaneous
History
Literature
Language
Science
Gaming
Entertainment
Religion
Holiday
For Kids
Quiz Lab
Recent
Popular Today
Quiz Kudos Today
Editor Picks
Curator Picks
Quizzes by...
Day
Popularity
Type
Ratings
Length
Year
Community
Subscriptions
Recent Discussions
Orange Saloon
Badges
Playlists
Quests
Create
Leaderboards
Showdown
Live 5
Trivia Bingo
Activity
Puzzle Library
Sporcle Events
Private Events
Virtual Trivia
Globe League
Become a Host
Pub Owners
SporcleCon
Opinionation
Our Games
Videos
Blog
Mobile Apps
Partnerships
Remove Ads and Go Orange
Feedback
Sports
Athletes
MLB
NBA
NHL
NFL
Soccer
Sports Teams
WWE
NCAA
Football
Premier League
Basketball
Baseball
Hockey
Golf
Tennis
Cricket
Rugby
Auto Racing
Olympics
World Cup
Sports
Athletes
MLB
NBA
NHL
NFL
Soccer
Sports Teams
WWE
NCAA
Football
Premier League
Basketball
Baseball
Hockey
Golf
Tennis
Cricket
Rugby
Auto Racing
Olympics
World Cup
Random Quiz
Search Sporcle
×
Quiz Lab
Quiz Lab
Sports
Basketball
Type in answers that appear in a list
Type in answers that appear in a list
Classic
Best Score? Go Orange.
Highest Number--NBA Teams Stats
Can you name the Highest Number--NBA Teams?
By
crigs71
10m
30 Questions
34 Plays
34 Plays
34 Plays
Comments
Comments
Give Quiz Kudos
Give Quiz Kudos
-
- Ratings
hide this ad
More Info
Replay
Link that replays current quiz
Next Quiz
Link to next quiz in quiz playlist
You Got
0%
They Got
Avg Score
32%
Avg Friend Score
Upgrade to see
Score Distribution
Jump to the score distribution portion of the page
Score
0/30
Timer
10:00
0
Plays Today
NBA Team
Player
% Correct
Portland Trail Blazers
Nicolas Batum
61.8%
Memphis Grizzlies
Zach Randolph
55.9%
Phoenix Suns
Grant Hill
52.9%
Utah Jazz
Andrei Kirilenko
52.9%
Cleveland Cavaliers
Baron Davis
50%
Boston Celtics
Chris Johnson
47.1%
Golden State Warriors
Vladimir RadmanovicVlad Radmanovic
47.1%
Miami Heat
Eddie House
47.1%
New Orleans Hornets
Emeka Okafor
47.1%
San Antonio Spurs
DeJuan Blair
47.1%
Indiana Pacers
Roy Hibbert
44.1%
Detroit Pistons
Jason Maxiell
41.2%
Atlanta Hawks
Etan Thomas
35.3%
Dallas Mavericks
DeShawn Stevenson
35.3%
Philadelphia 76ers
Jason Kapono
35.3%
NBA Team
Player
% Correct
Charlotte Bobcats
Kwame Brown
32.4%
Houston Rockets
Patrick Patterson
32.4%
Oklahoma City Thunder
Cole Aldrich
29.4%
New York Knicks
Renaldo Balkman
26.5%
Los Angeles Lakers
Theo Ratliff
23.5%
Milwaukee Bucks
Keyon Dooling
20.6%
Sacramento Kings
Darrell Jackson
20.6%
Orlando Magic
Malik Allen
17.6%
Denver Nuggets
Kosta Koufos
14.7%
Minnesota Timberwolves
Anthony Tolliver
14.7%
Chicago Bulls
Rasual Butler
11.8%
Los Angeles Clippers
Ike Diogu
11.8%
New Jersey Nets
Dan Gadzuric
11.8%
Toronto Raptors
Alexis Ajinca
11.8%
Washington Wizards
Hamady Ndiaye
8.8%
Quiz Playlist
Details
Report
Send in Message
Add To Playlist
More Info:
Source: ESPN
Classic:
Type in answers that appear in a list
Last Updated: Feb 16, 2017
Quiz Scoreboard
CHALLENGE
Sign Up to Join the Scoreboard
Show All
Scores
Hide
Comments
May contain spoilers
Recently Published
College Basketball Coaching Resumes
by pancakes188
Sports
9m
Billboard Blitz: Fleetwood Mac
by CooCooCachoo
Music
15s
Presidents Visiting Landmarks
by Hejman
History
7m
More to Explore
Quiz From the Vault
Featured Blog Post
Where Did the Easter Bunny Come From?
hide this ad
You Might Also Like...
Tags
Basketball Quiz
NBA Quiz
Numbers Quiz
highest
Player
team
Today's Top Quizzes in Sports
Browse Sports
hide this ad
Today's Top Quizzes in Basketball
Browse Basketball
Top Contributed Quizzes in Sports
1
Les meilleurs buteurs des matchs entre le PSG et l’OM
2
2022 World Cup Stars
3
FIFA Club World Cup Champions
4
Les entraîneurs de l'OM et du PSG au 21e siècle
5
Criteria MLB: Left Handed Sluggers
6
AFC Teams Reveal (Wrong Answers Minefield)
7
5-to-1: UK Sports Teams
8
Name the Premier League winners with different clubs
9
5-to-1: FBS Animal Nicknames
10
Players with Multiple 50 Home Run Seasons
Explore More
Trending Topics
NBA
Harry Potter
Anime
Kpop
Marvel
Crossword
Disney
The Office
Pokémon
Country
Soccer
WWE
NFL
Puzzle
Song
hide this ad
More By:
crigs71
Quiz
Plays
Rating
Category
Featured
Created
'MAL' Countries
773
4.44
Geography
Mar 21, 2011
World Flags with a...
672
3.33
Geography
Mar 20, 2011
Geography: Yours, Mine, or Ours?
648
4.40
Geography
Apr 20, 2011
Ancient Empire by Founder
631
2.86
History
Mar 2, 2011
Irresponsible Countries
365
4.54
Geography
Apr 1, 2011
Go to Creator's Profile
Score Distribution
Quiz Creator Spotlight
crigs71
Follow
Send a Message
Quizzes Created
-
Created Quiz Play Count
-
More By This Creator
Popular Quizzes Today
1
Find the US States - No Outlines Minefield
2
Find the Countries of Europe - No Outlines Minefield
3
The Countries of the World
4
Find the US States
5
Risky Map Clicking: Biggest States A-Z
6
US States
7
Popular People in 1961
8
Movies - When Are They Set?
More Sports Quizzes
MLB MVP Reveal (1980-1999) IV
Quiz Lab
Trending Quizzes
Risky Map Clicking: Least Populous States A-Z
1-10 Letter G Words
1-10 Letter F Words
Risky Map Clicking: Next State Alphabetically
Click the Washington State Counties! (Map)
Recently Updated
Leaping Animals
pecheneg
Reality TV Shows (A-Z)
bhenderson79
Rickey Henderson's Hall of Fame Teammates
pecheneg
Champions League XIs: Arsenal
pecheneg
Quick Pick: Celebrities in WWE's Hall of Fame
aduchscher
A-Z Keypad Blitz II
pecheneg
Multiple Oscar Actors
pecheneg
Mystery Phrase Blitz: Oscar 'Best Actors'
pecheneg
F. Scott Fitzgerald Novels
LTH
Pick 3 Villains
ddd62291
Trending Topics
Marvel
Kpop
Harry Potter
NBA
Anime
Disney
Crossword
Song
Pokémon
The Office
WWE
NFL
Soccer
Country
Puzzle
Your Account Isn't Verified!
In order to create a playlist on Sporcle, you need to verify the email address you used during registration. Go to your
Sporcle Settings
to finish the process.
Report this User
Report this user for behavior that violates our
Community Guidelines
.
Details:
Send Report
Go to the Sporcle.com Mobile Site →
Comments